[Event "I Open"]
[Site "Trento ITA"]
[Date "2008.03.29"]
[Round "2"]
[White "Masini, Michele"]
[Black "Apuzzo, Stefano"]
[Result "0-1"]
[WhiteElo "1398"]
[BlackElo "1563"]
[PlyCount "72"]
[EventDate "2008.03.28"]

1. d4 d6 2. c4 g6 3. Nc3 Bg7 4. e4 Nf6 5. Be3 Nbd7 6. Qd2 e5 7. d5 a5 8. Bh6
O-O 9. Bxg7 Kxg7 10. Bd3 Nc5 11. O-O-O Nxd3+ 12. Qxd3 Ng4 13. Qe2 f5 14. f3
Qg5+ 15. Kb1 Ne3 16. h4 Qxg2 17. Qxg2 Nxg2 18. Nge2 Ne3 19. Rdg1 Nxc4 20. Kc2
fxe4 21. fxe4 Bd7 22. h5 Ne3+ 23. Kc1 Ng4 24. hxg6 hxg6 25. Kd2 Rh8 26. Nb1
Rxh1 27. Rxh1 Nf2 28. Rg1 Nxe4+ 29. Ke3 Nc5 30. Nec3 Rh8 31. Rg2 Bf5 32. Na3
Rh3+ 33. Kd2 Nd3 34. b3 Nf4 35. Rf2 Rd3+ 36. Kc2 Rf3+ 0-1

[Event "I Open"]
[Site "Trento ITA"]
[Date "2008.03.29"]
[Round "2"]
[White "Nicolodi, Raoul"]
[Black "Giancotti, Eraldo"]
[Result "0-1"]
[WhiteElo "1827"]
[BlackElo "2070"]
[PlyCount "128"]
[EventDate "2008.03.28"]

1. Nf3 Nf6 2. c4 a6 3. Nc3 e6 4. b3 c5 5. d4 cxd4 6. Nxd4 Bb4 7. Bd2 O-O 8. Ne4
Be7 9. Nxf6+ Bxf6 10. Bc3 d5 11. e3 Nc6 12. Be2 e5 13. Nxc6 bxc6 14. O-O Rb8
15. Qd2 Be6 16. cxd5 cxd5 17. Rfd1 Qb6 18. Bf3 Rfc8 19. Rac1 Rc5 20. Qb2 Rbc8
21. e4 d4 22. Bd2 h6 23. Rxc5 Rxc5 24. Rc1 Be7 25. Be2 Kf8 26. Rxc5 Bxc5 27.
Bd3 a5 28. a3 Qxb3 29. Qxb3 Bxb3 30. Bxa5 Bxa3 31. Bb6 Ke7 32. Kf1 Bb4 33. f4
exf4 34. Bxd4 f6 35. Ke2 Bd6 36. Kf3 g5 37. Be2 Bc2 38. Bc4 Bd1+ 39. Be2 g4+
40. Kf2 Bxe2 41. Kxe2 Be5 42. Bc5+ Ke6 43. Kf2 Bc3 44. h3 h5 45. hxg4 hxg4 46.
g3 f3 47. Bb6 Ke5 48. Ke3 Be1 49. Bc7+ Ke6 50. Bf4 Ba5 51. Kf2 Bb6+ 52. Kf1 Bd4
53. Bd2 Ke5 54. Ba5 Kxe4 55. Bb4 f5 56. Bd2 Be3 57. Ba5 f4 58. Bc7 fxg3 59.
Bxg3 Bf4 60. Bf2 Bd6 61. Bb6 g3 62. Ba7 Be5 63. Bb6 g2+ 64. Kg1 Bd4+ 0-1

[Event "I Open"]
[Site "Trento ITA"]
[Date "2008.03.29"]
[Round "2"]
[White "Panjkovic, Aleksandar"]
[Black "Fragni, Enrico"]
[Result "1-0"]
[WhiteElo "2140"]
[BlackElo "1731"]
[PlyCount "55"]
[EventDate "2008.03.28"]

1. Nf3 d6 2. g3 Bg4 3. Bg2 c6 4. O-O Nf6 5. d3 Nbd7 6. Nbd2 e5 7. h3 Bh5 8. e4
Be7 9. Qe1 h6 10. Nh4 Qc7 11. Nf5 Bf8 12. a4 g6 13. Ne3 g5 14. Ndc4 a5 15. Bd2
b6 16. Nf5 Bg6 17. b4 Bxf5 18. exf5 axb4 19. Bxb4 Be7 20. d4 e4 21. Bxe4 Nxe4
22. Qxe4 Nf6 23. Bxd6 Nxe4 24. Bxc7 f6 25. Rfe1 Ra7 26. Bxb6 Rb7 27. Rxe4 Kd7
28. a5 1-0

[Event "I Open"]
[Site "Trento ITA"]
[Date "2008.03.29"]
[Round "2"]
[White "Panjkovic, Stefan"]
[Black "De Nisi, Giuseppe"]
[Result "0-1"]
[WhiteElo "1446"]
[BlackElo "1890"]
[PlyCount "96"]
[EventDate "2008.03.28"]

1. d4 Nf6 2. Bf4 g6 3. e3 Bg7 4. Nf3 O-O 5. Nbd2 d5 6. Bd3 Re8 7. O-O Nh5 8.
Bg3 Nxg3 9. fxg3 c5 10. c3 Qb6 11. Qb3 Qe6 12. Rae1 Qd6 13. Qd1 Bg4 14. Qc1 Nc6
15. dxc5 Qxc5 16. Nb3 Qb6 17. Nfd4 e5 18. Nxc6 bxc6 19. c4 Rac8 20. c5 Qc7 21.
e4 Be6 22. Qc2 d4 23. Bc4 Qe7 24. Bxe6 Qxe6 25. Rc1 Bh6 26. Rcd1 Rcd8 27. Rf3
Rf8 28. Rdd3 Qg4 29. Rd1 d3 30. Qc4 d2 31. h3 Qd7 32. Qc3 f6 33. Rf2 Qd3 34.
Qxd3 Rxd3 35. Nxd2 Be3 36. Kf1 Bxf2 37. Kxf2 Rfd8 38. Ke2 Rxg3 39. Kf2 Rdd3 40.
b3 Kf7 41. b4 Rge3 42. a4 Rxe4 43. b5 Rxa4 44. Rb1 cxb5 45. Rc1 Rxd2+ 46. Kf1
Rc4 47. Rxc4 bxc4 48. c6 Ke7 0-1

[Event "I Open"]
[Site "Trento ITA"]
[Date "2008.03.29"]
[Round "2"]
[White "Paoli, Luigino"]
[Black "Bisaro, Andrea"]
[Result "0-1"]
[WhiteElo "1413"]
[BlackElo "1596"]
[PlyCount "64"]
[EventDate "2008.03.28"]

1. c4 Nf6 2. Nc3 g6 3. g3 Bg7 4. Bg2 O-O 5. d4 d6 6. Bg5 Nbd7 7. Qd2 c5 8. d5
Ne5 9. b3 Qa5 10. Nf3 Nxf3+ 11. Bxf3 h6 12. Be3 Ng4 13. Rc1 Nxe3 14. Qxe3 Bh3
15. Kd2 Bf6 16. Qxh6 Bxc3+ 17. Rxc3 Qxa2+ 18. Ke3 Bf5 19. g4 Bc2 20. Qf4 Qb2
21. Kd2 Be4+ 22. Kd1 Qxc3 23. Qxe4 Qxb3+ 24. Kd2 Qb2+ 25. Kd1 Qd4+ 26. Qxd4
cxd4 27. Kc2 a5 28. Kb2 Rfc8 29. Rc1 Rc5 30. Be4 b5 31. Bd3 bxc4 32. Bxc4 Rb8+
0-1

[Event "I Open"]
[Site "Trento ITA"]
[Date "2008.03.29"]
[Round "2"]
[White "Pecorari, Marcello"]
[Black "Gallo, Carlo"]
[Result "1-0"]
[WhiteElo "2075"]
[BlackElo "1667"]
[PlyCount "99"]
[EventDate "2008.03.28"]

1. e4 d6 2. d4 Nf6 3. Nc3 g6 4. Be3 Bg7 5. f3 c6 6. Qd2 O-O 7. O-O-O b5 8. Bh6
b4 9. Nce2 a5 10. h4 Be6 11. h5 Nbd7 12. hxg6 fxg6 13. Bxg7 Kxg7 14. Qh6+ Kf7
15. e5 Nd5 16. Qxh7+ Ke8 17. exd6 N7f6 18. Qxg6+ Bf7 19. Qd3 exd6 20. g3 Qe7
21. Kd2 Kd7 22. Bh3+ Kc7 23. Nf4 Rae8 24. Nge2 Ne3 25. Ne6+ Bxe6 26. Qxe3 Nd5
27. Qxe6 Qg5+ 28. f4 Qg7 29. Qd7+ Qxd7 30. Bxd7 Kxd7 31. Rh7+ Kd8 32. Ra7 Rh8
33. Rxa5 Ne3 34. Ra8+ Kd7 35. Rxe8 Rxe8 36. Re1 Nc4+ 37. Kc1 Ra8 38. b3 Ne3 39.
Kb2 Re8 40. Rh1 Nxc2 41. Rh7+ Kd8 42. Kxc2 Rxe2+ 43. Kd3 Rxa2 44. Kc4 Rd2 45.
f5 d5+ 46. Kc5 Rd3 47. g4 Rxb3 48. g5 Rb1 49. g6 b3 50. g7 1-0

[Event "I Open"]
[Site "Trento ITA"]
[Date "2008.03.29"]
[Round "2"]
[White "Pojer, Romeo"]
[Black "Caldara, Sisto"]
[Result "0-1"]
[WhiteElo "2158"]
[BlackElo "1797"]
[PlyCount "92"]
[EventDate "2008.03.28"]

1. e4 d6 2. d4 Nf6 3. Nc3 c6 4. f4 Qa5 5. Bd3 e5 6. dxe5 dxe5 7. f5 Nbd7 8. Nf3
g6 9. Qe2 b5 10. Bd2 b4 11. Nd1 Qc7 12. Ne3 a5 13. O-O Bc5 14. Kh1 Bxe3 15.
Bxe3 Bb7 16. Ng5 Rf8 17. Bc4 c5 18. fxg6 hxg6 19. Bxf7+ Rxf7 20. Nxf7 Kxf7 21.
Bg5 Ba6 22. Qf2 Bxf1 23. Rxf1 Qc6 24. Qh4 Rg8 25. Kg1 c4 26. g4 Qb6+ 27. Kg2
Qc6 28. Bxf6 Qxe4+ 29. Kg1 Ke6 30. Rf2 Rf8 31. Bd8 Qe1+ 32. Kg2 Qe4+ 33. Kf1
Rxf2+ 34. Qxf2 Qxg4 35. Bxa5 Qd1+ 36. Kg2 Qd5+ 37. Qf3 Qxa5 38. Qg4+ Ke7 39.
Qxc4 Qa8+ 40. Kg3 Qb8 41. Kg4 e4 42. Qxe4+ Ne5+ 43. Kf4 Kf6 44. Qd4 Qc7 45. Ke3
Ke6 46. Qxb4 Qa7+ 0-1

[Event "I Open"]
[Site "Trento ITA"]
[Date "2008.03.29"]
[Round "2"]
[White "Rizzoli, Aluna"]
[Black "Simioni, Loris"]
[Result "1/2-1/2"]
[WhiteElo "1488"]
[BlackElo "1655"]
[PlyCount "71"]
[EventDate "2008.03.28"]

1. e4 d5 2. exd5 Nf6 3. d4 Bg4 4. Be2 Bxe2 5. Nxe2 Qxd5 6. O-O Nc6 7. Nbc3 Qh5
8. Nf4 Qxd1 9. Rxd1 Nb4 10. a3 Nxc2 11. Ra2 O-O-O 12. d5 e5 13. dxe6 Rxd1+ 14.
Nxd1 fxe6 15. Nxe6 Kd7 16. Ng5 Bd6 17. Nf3 Re8 18. Kf1 c5 19. b4 Nd4 20. Nxd4
cxd4 21. Rd2 Be5 22. Bb2 Ne4 23. Rd3 Kc6 24. f3 Nf6 25. Bxd4 Bxh2 26. a4 a6 27.
Ne3 Nd5 28. Nxd5 Kxd5 29. Bxg7+ Kc4 30. Rd4+ Kb3 31. b5 Bg3 32. Re4 Rxe4 33.
fxe4 Kxa4 34. bxa6 bxa6 35. e5 Kb5 36. Ke2 1/2-1/2

[Event "I Open"]
[Site "Trento ITA"]
[Date "2008.03.29"]
[Round "2"]
[White "Scandella, Marco"]
[Black "Busi, Piero"]
[Result "1-0"]
[WhiteElo "1536"]
[BlackElo "1287"]
[PlyCount "71"]
[EventDate "2008.03.28"]

1. d4 d5 2. c4 dxc4 3. e3 Nf6 4. Bxc4 e6 5. Nf3 Bb4+ 6. Bd2 Bxd2+ 7. Nbxd2 Nc6
8. O-O O-O 9. Rc1 a6 10. a3 Bd7 11. Bd3 b5 12. Qc2 g6 13. b4 Kg7 14. Ne4 Re8
15. Nc5 Ra7 16. Nxd7 Qxd7 17. Qxc6 Qxc6 18. Rxc6 Re7 19. Rfc1 Nd5 20. Be4 a5
21. Bxd5 exd5 22. g3 axb4 23. axb4 f6 24. R6c5 Rb7 25. Rxd5 Kf7 26. Rcc5 Ke6
27. Rxb5 c6 28. Rxb7 Rxb7 29. Rc5 Kd6 30. Nd2 Rxb4 31. Ne4+ Kc7 32. Nxf6 Rb5
33. Nxh7 Kd6 34. Nf6 Rxc5 35. Ne4+ Kd5 36. Nxc5 1-0

[Event "I Open"]
[Site "Trento ITA"]
[Date "2008.03.29"]
[Round "2"]
[White "Scharrer, Patrick"]
[Black "D'Aulisa, Francesco"]
[Result "1-0"]
[WhiteElo "2225"]
[BlackElo "1836"]
[PlyCount "99"]
[EventDate "2008.03.28"]

1. e4 d6 2. d4 e6 3. Nc3 a6 4. f3 h6 5. Be3 Nd7 6. Qd2 Ne7 7. O-O-O b6 8. Nge2
Bb7 9. g4 e5 10. d5 g5 11. Ng3 Ng6 12. Nf5 Be7 13. h4 Nxh4 14. Nxh4 gxh4 15.
Kb1 Bg5 16. Qe1 Nf8 17. f4 exf4 18. Bd4 f6 19. e5 Qe7 20. exf6 Qxe1 21. Rxe1+
Kd8 22. Bd3 Nd7 23. f7 Bf6 24. Bxf6+ Nxf6 25. Bg6 Bxd5 26. Nxd5 Nxd5 27. Re8+
Kd7 28. Bf5+ Kc6 29. Rxa8 Rxa8 30. Be4 Kc5 31. Rxh4 Rf8 32. Rh5 c6 33. Rf5 Kd4
34. Bxd5 cxd5 35. Rxf4+ Ke5 36. Rf5+ Ke6 37. Rh5 Rxf7 38. Rxh6+ Ke5 39. c3 Rg7
40. Rh4 Kf4 41. Kc2 Rxg4 42. Rxg4+ Kxg4 43. Kd3 Kf5 44. Kd4 Ke6 45. a4 Kd7 46.
Kxd5 Ke7 47. b4 Kd7 48. b5 a5 49. c4 Kc7 50. Ke6 1-0

[Event "I Open"]
[Site "Trento ITA"]
[Date "2008.03.29"]
[Round "2"]
[White "Scian, Nicola"]
[Black "Pretto, Aldo"]
[Result "1-0"]
[WhiteElo "1659"]
[BlackElo "1524"]
[PlyCount "67"]
[EventDate "2008.03.28"]

1. e4 e5 2. Nf3 Nf6 3. d3 Nc6 4. c3 d5 5. Nbd2 Bg4 6. Qc2 Bc5 7. b4 Bb6 8. b5
dxe4 9. dxe4 Bxf3 10. Nxf3 Ne7 11. Nxe5 O-O 12. Bd3 Ng6 13. Nf3 Ng4 14. O-O Nh4
15. Be2 Qd6 16. g3 Ng6 17. a4 a5 18. bxa6 bxa6 19. Ba3 c5 20. Nd2 Qd7 21. Nc4
Ba7 22. Rad1 Qc8 23. Rd5 Nf6 24. Rd2 Qc6 25. Bf3 Qe6 26. Qd3 Ne5 27. Nxe5 Qxe5
28. Qc4 Rfe8 29. Re1 Re6 30. Bg2 Rd6 31. f4 Qd4+ 32. cxd4 Rxd4 33. Rxd4 cxd4
34. e5 1-0

[Event "I Open"]
[Site "Trento ITA"]
[Date "2008.03.29"]
[Round "2"]
[White "Spornberger, Peter"]
[Black "Keim, Simon"]
[Result "0-1"]
[WhiteElo "1646"]
[BlackElo "1473"]
[PlyCount "60"]
[EventDate "2008.03.28"]

1. e4 c5 2. c3 Nf6 3. e5 Nd5 4. Nf3 e6 5. d4 cxd4 6. cxd4 Nc6 7. a3 d6 8. Nc3
Nxc3 9. bxc3 dxe5 10. Bb5 Qa5 11. a4 a6 12. Bxc6+ bxc6 13. O-O exd4 14. Nxd4
Qd5 15. Qe2 Be7 16. Rb1 c5 17. Nf3 O-O 18. Rd1 Qc6 19. Qc4 Bb7 20. Be3 Rfd8 21.
Re1 h6 22. a5 Qc7 23. Ne5 Bd5 24. Qf4 Bd6 25. Qg4 Bxe5 26. Bxh6 Bxc3 27. Re3 f5
28. Qg5 Bd2 29. Rbe1 Bxe3 30. Rxe3 Rab8 0-1

[Event "I Open"]
[Site "Trento ITA"]
[Date "2008.03.29"]
[Round "2"]
[White "Tencheni, Maurizio"]
[Black "Amico, Antonino"]
[Result "1-0"]
[WhiteElo "1560"]
[BlackElo "1407"]
[PlyCount "27"]
[EventDate "2008.03.28"]

1. e4 e5 2. d4 d6 3. dxe5 Nc6 4. Bb5 Bd7 5. exd6 Bxd6 6. Nc3 Nf6 7. Bg5 Qe7 8.
f3 O-O 9. Nd5 Qe5 10. Bxf6 gxf6 11. c3 Rae8 12. Ne2 Be6 13. f4 Qh5 14. Nxf6+
1-0

[Event "I Open"]
[Site "Trento ITA"]
[Date "2008.03.29"]
[Round "3"]
[White "Amico, Antonino"]
[Black "Filosi, Andrea"]
[Result "1/2-1/2"]
[WhiteElo "1407"]
[BlackElo "1500"]
[PlyCount "85"]
[EventDate "2008.03.28"]

1. d4 d5 2. c4 c6 3. Nc3 Nf6 4. Bg5 Bf5 5. e3 e6 6. Bd3 Bxd3 7. Qxd3 h6 8. Bxf6
Qxf6 9. Nf3 Nd7 10. O-O Bd6 11. e4 Qg6 12. c5 Bc7 13. Rae1 Nf6 14. b4 a5 15. b5
Nh5 16. Qe3 Nf4 17. Nh4 Qg5 18. Qg3 Ne2+ 19. Nxe2 Bxg3 20. fxg3 dxe4 21. bxc6
bxc6 22. Rb1 Qe3+ 23. Rf2 O-O 24. Rb3 Qg5 25. Nc3 Qe7 26. Nxe4 Rab8 27. Nd6
Rxb3 28. axb3 Rb8 29. Rxf7 Qxf7 30. Nxf7 Kxf7 31. Nf3 Ke7 32. Ne5 Rxb3 33.
Nxc6+ Kd7 34. Nxa5 Rb4 35. c6+ Kc7 36. Nb7 Kxc6 37. Nc5 Kd5 38. Nd3 Rxd4 39.
Nf4+ Kd6 40. Kf2 e5 41. Ke3 Ra4 42. Nh5 g6 43. Nf6 1/2-1/2

[Event "I Open"]
[Site "Trento ITA"]
[Date "2008.03.29"]
[Round "3"]
[White "Apuzzo, Stefano"]
[Black "Keim, Simon"]
[Result "1-0"]
[WhiteElo "1563"]
[BlackElo "1473"]
[PlyCount "81"]
[EventDate "2008.03.28"]

1. d4 Nf6 2. c4 e6 3. Nc3 c5 4. d5 exd5 5. cxd5 Bd6 6. e4 O-O 7. Bd3 Bc7 8. Be3
d6 9. Nf3 Re8 10. Bb5 Nbd7 11. Nd2 a6 12. Ba4 b5 13. Bc2 Nf8 14. Ne2 Ng6 15. f3
Nxd5 16. Bf2 Nb4 17. Bg3 Qf6 18. a3 Nc6 19. Nc3 Be6 20. O-O Nf4 21. Re1 Rad8
22. Nf1 Nh5 23. Bf2 Ne5 24. Ne3 Ba5 25. Ned5 Qg6 26. b4 cxb4 27. axb4 Bxb4 28.
Nxb4 Nf4 29. Bg3 Nh5 30. Ne2 Nc4 31. Nf4 Nxf4 32. Bxf4 a5 33. Nc6 Rd7 34. Nxa5
Qf6 35. Nxc4 Bxc4 36. Bg3 h5 37. e5 Qd8 38. exd6 Re6 39. Rxe6 Bxe6 40. Qd3 Qb6+
41. Bf2 1-0

[Event "I Open"]
[Site "Trento ITA"]
[Date "2008.03.29"]
[Round "3"]
[White "Battiston, Claudio"]
[Black "Dappiano, Andrea"]
[Result "1-0"]
[WhiteElo "1945"]
[BlackElo "1894"]
[PlyCount "39"]
[EventDate "2008.03.28"]

1. e4 e6 2. d3 d5 3. Nd2 c5 4. Ngf3 Nc6 5. g3 Bd6 6. Bg2 Nge7 7. O-O O-O 8. Re1
b5 9. e5 Bb8 10. c3 f6 11. exf6 gxf6 12. Nf1 e5 13. Bh6 Re8 14. Nh4 Be6 15. Ne3
Qd7 16. Qf3 f5 17. Qh5 Kh8 18. Qg5 Ng8 19. Nhxf5 Nxh6 20. Qf6+ 1-0

[Event "I Open"]
[Site "Trento ITA"]
[Date "2008.03.29"]
[Round "3"]
[White "Bisaro, Andrea"]
[Black "Nicolodi, Raoul"]
[Result "0-1"]
[WhiteElo "1596"]
[BlackElo "1827"]
[PlyCount "75"]
[EventDate "2008.03.28"]

1. d4 d5 2. c4 e6 3. cxd5 exd5 4. Nc3 Nf6 5. e3 Be7 6. Bd3 c6 7. Nf3 O-O 8. Bd2
Nbd7 9. Qc2 Re8 10. O-O-O Nf8 11. h3 a5 12. Ne5 N6d7 13. f4 Nxe5 14. fxe5 b5
15. Rdf1 a4 16. Rf3 Be6 17. Kd1 Qb6 18. Bf5 c5 19. Bxe6 fxe6 20. Qd3 b4 21. Ne2
c4 22. Qb1 a3 23. b3 Rec8 24. Qc2 Qb5 25. Nf4 cxb3 26. Qxb3 Qc4 27. Qb1 b3 28.
Qxb3 Qxb3+ 29. axb3 a2 30. Ke2 a1=Q 31. Rxa1 Rxa1 32. Nd3 Rc2 33. Ne1 Rxd2+ 34.
Kxd2 Bb4+ 35. Ke2 Rxe1+ 36. Kd3 Rd1+ 37. Kc2 Rd2+ 38. Kc1 0-1

[Event "I Open"]
[Site "Trento ITA"]
[Date "2008.03.29"]
[Round "3"]
[White "Brunelli, Giovanni"]
[Black "Pojer, Romeo"]
[Result "0-1"]
[WhiteElo "1870"]
[BlackElo "2158"]
[PlyCount "74"]
[EventDate "2008.03.28"]

1. e4 c5 2. Nf3 d6 3. d4 cxd4 4. Nxd4 Nf6 5. Nc3 g6 6. Be3 Bg7 7. f3 Nc6 8. Qd2
O-O 9. Bc4 Bd7 10. O-O-O Qa5 11. Kb1 Rfc8 12. Bb3 Ne5 13. h4 Nc4 14. Bxc4 Rxc4
15. Nb3 Qc7 16. g4 Rc8 17. Bd4 Be6 18. h5 b5 19. Nxb5 Qb8 20. Na3 Rb4 21. hxg6
hxg6 22. Bxa7 Qb7 23. Be3 d5 24. Bh6 Bh8 25. Qh2 dxe4 26. Bd2 Bg7 27. Bxb4 Qxb4
28. Rd4 Qb6 29. Rhd1 exf3 30. g5 Ng4 31. Qg3 Bxd4 32. Nxd4 Rd8 33. c3 f2 34.
Kc2 Bf5+ 35. Kc1 Qb7 36. Qh3 Qe4 37. Rh1 Qe1+ 0-1

[Event "I Open"]
[Site "Trento ITA"]
[Date "2008.03.29"]
[Round "3"]
[White "Caldara, Sisto"]
[Black "Scharrer, Patrick"]
[Result "0-1"]
[WhiteElo "1797"]
[BlackElo "2225"]
[PlyCount "48"]
[EventDate "2008.03.28"]

1. d4 Nf6 2. c4 g6 3. Nc3 Bg7 4. e4 d6 5. Be2 O-O 6. Bg5 c5 7. d5 b5 8. cxb5
Qa5 9. Qd2 a6 10. b6 Nbd7 11. h4 h5 12. f3 Nxb6 13. g4 hxg4 14. Bxf6 Bxf6 15.
fxg4 Na4 16. Rc1 Rb8 17. Nxa4 Qxa4 18. Rc4 Qxa2 19. e5 Bxe5 20. Kf2 Rxb2 21.
Qd3 Qb3 22. Qe4 f5 23. gxf5 Bxf5 24. Qg2 Qxc4 0-1

[Event "I Open"]
[Site "Trento ITA"]
[Date "2008.03.29"]
[Round "3"]
[White "D'Aulisa, Francesco"]
[Black "Scandella, Marco"]
[Result "1/2-1/2"]
[WhiteElo "1836"]
[BlackElo "1536"]
[PlyCount "116"]
[EventDate "2008.03.28"]

1. e4 e6 2. Nf3 d5 3. exd5 exd5 4. d4 Nf6 5. Ne5 Nbd7 6. Bb5 c6 7. Bxc6 bxc6 8.
Nxc6 Qc7 9. Qe2+ Ne4 10. Qb5 Bb7 11. Ne5 Nef6 12. Bf4 Bd6 13. O-O O-O 14. Nxd7
Nxd7 15. Bxd6 Qxd6 16. Re1 Bc6 17. Qd3 Rfe8 18. Nd2 Nf6 19. Nf3 Rxe1+ 20. Rxe1
Re8 21. Ne5 Ng4 22. Qg3 Nxe5 23. Rxe5 Rxe5 24. Qxe5 Qxe5 25. dxe5 d4 26. f3 Bd5
27. b3 a5 28. Kf2 g5 29. Ke2 Kf8 30. Kd3 Ke7 31. Kxd4 Ke6 32. c4 Bc6 33. a3 Kd7
34. Kc5 Kc7 35. b4 axb4 36. axb4 g4 37. fxg4 Bxg2 38. h4 Bh3 39. g5 Be6 40. b5
Kb7 41. Kb4 Kc7 42. c5 Bd5 43. Ka5 Be4 44. Ka6 Bd5 45. Ka7 Kc8 46. Kb6 Kb8 47.
c6 Kc8 48. Kc5 Bf3 49. Kd6 Be2 50. b6 Bf3 51. b7+ Kb8 52. Kd7 Bg4+ 53. Kd6 Bh3
54. Kc5 Kc7 55. Kb5 Bg2 56. Kc5 Bf3 57. b8=Q+ Kxb8 58. Kd6 Kc8 1/2-1/2

[Event "I Open"]
[Site "Trento ITA"]
[Date "2008.03.29"]
[Round "3"]
[White "De Nisi, Giuseppe"]
[Black "Tencheni, Maurizio"]
[Result "0-1"]
[WhiteElo "1890"]
[BlackElo "1560"]
[PlyCount "136"]
[EventDate "2008.03.28"]

1. d4 d5 2. c4 Nf6 3. Nc3 e6 4. f3 Bb4 5. a3 Bxc3+ 6. bxc3 h6 7. cxd5 exd5 8.
Qc2 O-O 9. Bf4 Re8 10. g4 Nbd7 11. h4 Nf8 12. h5 N6h7 13. O-O-O Qe7 14. Kb2 a5
15. Nh3 Ra6 16. Nf2 Re6 17. e4 dxe4 18. Nxe4 Rb6+ 19. Ka2 f5 20. gxf5 Bxf5 21.
Bd3 Qf7+ 22. c4 Bxe4 23. fxe4 Qxf4 24. Rdf1 Qe3 25. c5 Rf6 26. Qc3 Kh8 27. Re1
Rf2+ 28. Kb3 Qd2 29. d5 Qxc3+ 30. Kxc3 Nf6 31. a4 N8d7 32. Kd4 Ne5 33. Kc3 Rf3
34. Rd1 Nxe4+ 35. Kd4 Nxd3 36. Rb1 Nexc5 37. Rh4 Ref8 38. Rd1 R8f4+ 39. Rxf4
Rxf4+ 40. Kc3 Rxa4 41. Rf1 Nf4 42. Rd1 Ne2+ 43. Kb2 Rb4+ 44. Ka1 Nb3+ 45. Kb2
Nd2+ 46. Kc2 Nc4 47. Re1 Nd4+ 48. Kd3 Nd6 49. Re7 Rc4 50. Rd7 b5 51. Rd8+ Kh7
52. Ra8 a4 53. Ra7 N4f5 54. Kd2 Rd4+ 55. Kc3 Rxd5 56. Rxc7 Rd4 57. Kb2 b4 58.
Kb1 b3 59. Ka1 a3 60. Kb1 Rd1+ 61. Rc1 Rxc1+ 62. Kxc1 b2+ 63. Kb1 Nc4 64. Ka2
Nd2 65. Kxa3 b1=Q 66. Ka4 Qb3+ 67. Ka5 Nd6 68. Ka6 Qb5+ 0-1

[Event "I Open"]
[Site "Trento ITA"]
[Date "2008.03.29"]
[Round "3"]
[White "Degano, Emanuele"]
[Black "De Nisi, Mario"]
[Result "1/2-1/2"]
[WhiteElo "1644"]
[BlackElo "1956"]
[PlyCount "89"]
[EventDate "2008.03.28"]

1. e4 e6 2. d4 d5 3. Nd2 Nf6 4. e5 Nfd7 5. f4 c5 6. c3 cxd4 7. cxd4 Nc6 8. Ndf3
Nb6 9. b3 Bd7 10. a3 a5 11. Bd3 a4 12. b4 Na7 13. Nd2 Nb5 14. Bb2 Rc8 15. Rc1
Rxc1 16. Qxc1 Qc7 17. Qxc7 Nxc7 18. Ne2 Bb5 19. Bxb5+ Nxb5 20. Kf2 Kd7 21. Ke3
Be7 22. Nc3 Nxc3 23. Bxc3 Rc8 24. Rc1 g5 25. g3 Nc4+ 26. Nxc4 Rxc4 27. Bb2 Rxc1
28. Bxc1 Kc6 29. Kd3 g4 30. Bd2 Kb5 31. Bc1 h5 32. Bd2 h4 33. Be1 hxg3 34. hxg3
Kb6 35. Bd2 Kc6 36. Ke3 Kd7 37. Kd3 Ke8 38. Ke3 Kf8 39. Ke2 Kg7 40. Kd3 Kg6 41.
Ke3 Kf5 42. Kd3 Bd8 43. Be1 Bb6 44. Bd2 f6 45. Be3 1/2-1/2

[Event "I Open"]
[Site "Trento ITA"]
[Date "2008.03.29"]
[Round "3"]
[White "Di Cecco, Giuseppe"]
[Black "Scian, Nicola"]
[Result "0-1"]
[WhiteElo "2092"]
[BlackElo "1659"]
[PlyCount "82"]
[EventDate "2008.03.28"]

1. e4 e5 2. Nf3 Nc6 3. Bc4 Bc5 4. c3 Nf6 5. d3 d6 6. O-O O-O 7. Bb3 a6 8. h3
Ba7 9. Be3 Ne7 10. Nbd2 Ng6 11. Bxa7 Rxa7 12. d4 Qe7 13. Re1 c6 14. Qc2 a5 15.
a4 Nh5 16. Kh2 Nhf4 17. Ng1 Qg5 18. g3 Nxh3 19. Nxh3 Qh6 20. Rh1 Qxh3+ 21. Kg1
Qg4 22. Nf1 Be6 23. d5 cxd5 24. Ne3 Qxe4 25. Qd1 d4 26. Bc2 Qc6 27. Qh5 h6 28.
Ng4 Bxg4 29. Qxg4 dxc3 30. b3 d5 31. Rh5 Qc8 32. Bf5 Qe8 33. Kg2 Ra6 34. Rah1
Kh7 35. Qg5 Kg8 36. Kg1 f6 37. Qg4 Kh7 38. Rxh6+ gxh6 39. Qh5 Rh8 40. Qxh6+ Kg8
41. Be6+ Rxe6 0-1

[Event "I Open"]
[Site "Trento ITA"]
[Date "2008.03.29"]
[Round "3"]
[White "Filosi, Gianluigi"]
[Black "Panjkovic, Stefan"]
[Result "1/2-1/2"]
[WhiteElo "1625"]
[BlackElo "1446"]
[PlyCount "36"]
[EventDate "2008.03.28"]

1. d4 f5 2. Bf4 Nf6 3. Nf3 e6 4. e3 Be7 5. Bd3 O-O 6. Nbd2 d5 7. Qe2 Bd7 8. h3
Be8 9. Nh2 Nbd7 10. O-O-O c5 11. c3 c4 12. Bc2 b5 13. g4 Bg6 14. Nhf3 Ne4 15.
Ne5 Nxe5 16. Bxe5 a5 17. f3 Nf6 18. gxf5 Bxf5 1/2-1/2

[Event "I Open"]
[Site "Trento ITA"]
[Date "2008.03.29"]
[Round "3"]
[White "Forer, Erich"]
[Black "Panjkovic, Aleksandar"]
[Result "0-1"]
[WhiteElo "1482"]
[BlackElo "2140"]
[PlyCount "48"]
[EventDate "2008.03.28"]

1. d4 f5 2. Nf3 Nf6 3. c4 e6 4. Nc3 Bb4 5. d5 O-O 6. Bf4 d6 7. dxe6 Bxe6 8. Qb3
Nc6 9. Bd2 Nd7 10. Nd5 Bxd2+ 11. Nxd2 Nc5 12. Qc2 f4 13. a4 a5 14. e4 Bxd5 15.
cxd5 Nb4 16. Qc3 Qe8 17. Bb5 c6 18. dxc6 bxc6 19. Bc4+ d5 20. Bb3 Nxe4 21. Nxe4
Qxe4+ 22. Kf1 f3 23. Qe3 fxg2+ 24. Ke2 gxh1=Q 0-1

[Event "I Open"]
[Site "Trento ITA"]
[Date "2008.03.29"]
[Round "3"]
[White "Fortunato, Vito"]
[Black "Barro, Francesco"]
[Result "0-1"]
[WhiteElo "1874"]
[BlackElo "2025"]
[PlyCount "110"]
[EventDate "2008.03.28"]

1. Nf3 Nf6 2. c4 e6 3. g3 b6 4. Bg2 Bb7 5. O-O Be7 6. d4 O-O 7. Nc3 d5 8. cxd5
Nxd5 9. Qc2 Na6 10. Rd1 Qc8 11. e4 Nxc3 12. bxc3 c5 13. d5 Rd8 14. c4 Nb4 15.
Qe2 exd5 16. exd5 Bf6 17. Bb2 Re8 18. Qd2 Bxb2 19. Qxb2 Qf5 20. Nh4 Qc2 21.
Qxc2 Nxc2 22. Rac1 Nd4 23. Kf1 g6 24. Nf3 Nxf3 25. Bxf3 Rad8 26. Re1 Kf8 27.
Re3 Rxe3 28. fxe3 f5 29. Kf2 Rd6 30. g4 Ke7 31. Kg3 Kf6 32. gxf5 Kxf5 33. Rf1
Ba6 34. Rc1 Rf6 35. Rc3 Bb7 36. Kf2 Ke5 37. Ke2 Bc8 38. Rc1 Bf5 39. Rg1 Bd3+
40. Kxd3 Rxf3 41. Rg5+ Rf5 42. Rxf5+ Kxf5 43. e4+ Ke5 44. Ke3 g5 45. Kf3 h6 46.
Kg4 h5+ 47. Kxg5 b5 48. d6 Kxd6 49. Kf4 bxc4 50. e5+ Ke6 51. Ke4 h4 52. h3 c3
53. Kd3 c2 54. Kxc2 Kxe5 55. Kd3 Kf4 0-1

[Event "I Open"]
[Site "Trento ITA"]
[Date "2008.03.29"]
[Round "3"]
[White "Fragni, Enrico"]
[Black "Facchetti, Lorenzo"]
[Result "1/2-1/2"]
[WhiteElo "1731"]
[BlackElo "1674"]
[PlyCount "138"]
[EventDate "2008.03.28"]

1. d4 d5 2. Nf3 Nf6 3. Bg5 e6 4. Nbd2 Be7 5. e3 O-O 6. Bd3 c5 7. c3 Nc6 8. O-O
h6 9. Bh4 Nd7 10. Bg3 Re8 11. Qe2 Bf8 12. Bc2 e5 13. dxe5 Ncxe5 14. Rfd1 Nc6
15. Qd3 Nf6 16. Bh4 g5 17. Bg3 Bg7 18. Qf1 Qe7 19. h3 Be6 20. Nh2 Nh5 21. Re1
Nxg3 22. fxg3 Qc7 23. Qf3 Rad8 24. Nb3 a6 25. Ng4 Bxg4 26. Qxg4 Ne5 27. Qf5 Ng6
28. Qf2 Re6 29. Rf1 Ne5 30. Bf5 Re7 31. g4 Nc4 32. Rae1 Rde8 33. e4 dxe4 34.
Qxc5 Qxc5+ 35. Nxc5 e3 36. Re2 Rd8 37. Rfe1 Rd2 38. b3 Rxe2 39. Rxe2 Nd6 40. c4
Bd4 41. Nd3 Ne4 42. Bxe4 Rxe4 43. g3 Re7 44. Kg2 Kg7 45. Kf3 Kg6 46. Nb4 f5 47.
gxf5+ Kxf5 48. Nd5 Rd7 49. Nxe3+ Bxe3 50. Rxe3 Rd2 51. a4 Rd7 52. g4+ Kf6 53.
Kg3 Rd8 54. h4 Rd7 55. h5 Rd8 56. a5 Rd7 57. Kf3 Rd4 58. Rc3 Ke5 59. Re3+ Kf6
60. Re2 Rd3+ 61. Re3 Rd4 62. Rc3 Ke5 63. c5 Rf4+ 64. Kg3 Rb4 65. c6 bxc6 66.
Rxc6 Rxb3+ 67. Kg2 Rb2+ 68. Kf3 Rb3+ 69. Ke2 Kf4 1/2-1/2

[Event "I Open"]
[Site "Trento ITA"]
[Date "2008.03.29"]
[Round "3"]
[White "Gallo, Carlo"]
[Black "Porpora, Ivano"]
[Result "1-0"]
[WhiteElo "1667"]
[BlackElo "1551"]
[PlyCount "79"]
[EventDate "2008.03.28"]

1. c4 g6 2. Nc3 Bg7 3. g3 Nf6 4. Bg2 d6 5. Nf3 O-O 6. O-O Nc6 7. d3 e5 8. Rb1
Ne7 9. b4 Nd7 10. Bb2 f5 11. a4 c6 12. b5 c5 13. Ng5 Nf6 14. Bc1 Rb8 15. e4 h6
16. Nf3 Nh7 17. Bd2 g5 18. Qe2 f4 19. b6 a6 20. Kh1 g4 21. Ne1 f3 22. Nxf3 gxf3
23. Bxf3 Be6 24. Bg4 Qd7 25. Bxe6+ Qxe6 26. f4 exf4 27. gxf4 Nf6 28. Rg1 Kf7
29. e5 dxe5 30. fxe5 Qc6+ 31. Ne4 Nxe4 32. dxe4 Rg8 33. Qh5+ Ng6 34. Rbf1+ Ke7
35. Qxg6 Qxg6 36. Rxg6 Bxe5 37. Rxh6 Rh8 38. Bg5+ Kd7 39. Rf7+ Ke8 40. Re7+ 1-0